| 000 | 00415pab a2200181 454500 | ||
|---|---|---|---|
| 008 | 180718b2012 xxu||||| |||| 00| 0 eng d | ||
| 100 | _aSingh, Y.V. | ||
| 245 | _aHarmonize organic farming and food security | ||
| 260 | _c2012 | ||
| 300 | _ap.29-34. | ||
| 362 | _aMar | ||
| 650 | _aAgriculture | ||
| 650 | _aFood supply | ||
| 700 | _aDabas, J.P.S. | ||
| 773 | _aKurukshetra | ||
| 908 | _aN | ||
| 909 | _a95268 | ||
| 999 |
_c95268 _d95268 |
||